Management of Financial Sustainability and Solvency of the Enterprise as a tool to Strengthen its Economic Security
Analyzovanie rôznych teoretických prístupov k určovaniu finančnej stability podniku. Podstata finančnej stability podniku, vzťah kategórie finančnej stability k iným kategóriám, ako sú napríklad: finančné zabezpečenie, flexibilita, stabilita, rovnováha, solventnosť. Tvorba koncepčných princípov riad...
Enregistré dans:
| Auteur principal: | |
|---|---|
| Autres auteurs: | , |
| Format: | Chapitre de livre |
| Langue: | ukrainien |
| Sujets: | |
| Tags: |
Pas de tags, Soyez le premier à ajouter un tag!
|
MARC
| LEADER | 00000naa a2200000 4500 | ||
|---|---|---|---|
| 001 | 0269162 | ||
| 005 | 20201013202438.5 | ||
| 041 | 0 | |a ukr | |
| 044 | |a UA | ||
| 245 | 1 | 0 | |a Management of Financial Sustainability and Solvency of the Enterprise as a tool to Strengthen its Economic Security |c Maryna V. Savchenko, Serhіі V. Melnyk, Iryna V. Tsymbalіuk |
| 520 | |a Analyzovanie rôznych teoretických prístupov k určovaniu finančnej stability podniku. Podstata finančnej stability podniku, vzťah kategórie finančnej stability k iným kategóriám, ako sú napríklad: finančné zabezpečenie, flexibilita, stabilita, rovnováha, solventnosť. Tvorba koncepčných princípov riadenia finančnej stability a solventnosti podniku, ktorá musí brať do úvahy vplyv rôznych faktorov vnútorného a vonkajšieho prostredia a súčasne môžu podniku vytvárať príležitosti i hrozby pre ďalšie fungovanie na trhu. | ||
| 610 | 2 | 0 | |a stabilita finančná |
| 610 | 2 | 0 | |a riadenie finančné |
| 610 | 2 | 0 | |a solventnosť |
| 610 | 2 | 0 | |a podnik |
| 610 | 2 | 0 | |a bezpečnosť ekonomická |
| 610 | 2 | 0 | |a stratégia podniková |
| 100 | 1 | |a Savchenko, Maryna V. | |
| 700 | 1 | |a Melnyk, Serhіі V. | |
| 700 | 1 | |a Tsymbalіuk, Iryna V. | |